[Event "CCSCSL Inv GM 2014"]
[Site "Saint Louis USA"]
[Date "2014.05.28"]
[Round "1.2"]
[White "Boros,De"]
[Black "Friedel,J"]
[Result "0-1"]
[WhiteTitle "GM"]
[BlackTitle "GM"]
[WhiteElo "2474"]
[BlackElo "2505"]
[WhiteFideId "722340"]
[BlackFideId "2017199"]
[EventDate "2014.05.28"]

1. Nf3 Nf6 2. c4 b6 3. Nc3 Bb7 4. d4 e6 5. a3 d5 6. Bg5 Be7 7. Bxf6 Bxf6 8. cxd5
exd5 9. Qb3 O-O 10. Rd1 c5 11. dxc5 Nd7 12. c6 Bxc6 13. Nxd5 Bxd5 14. Rxd5 Rc8
15. Rd1 Nc5 16. Qa2 Qc7 17. e3 Na4 18. Ba6 Nxb2 19. Bxc8 Nxd1 20. Bf5 Nxe3 21.
Bxh7+ Kxh7 22. Qb1+ Qc2 0-1

[Event "CCSCSL Inv GM 2014"]
[Site "Saint Louis USA"]
[Date "2014.05.28"]
[Round "1.4"]
[White "Priyadharshan,K"]
[Black "Troff,Kayden W"]
[Result "1/2-1/2"]
[WhiteTitle "IM"]
[BlackTitle "IM"]
[WhiteElo "2420"]
[BlackElo "2484"]
[WhiteFideId "5018293"]
[BlackFideId "2047896"]
[EventDate "2014.05.28"]

1. e4 c5 2. Nf3 d6 3. d4 cxd4 4. Nxd4 Nf6 5. Nc3 a6 6. Qf3 e5 7. Nf5 Bxf5 8.
exf5 d5 9. Bg5 Bb4 10. O-O-O Bxc3 11. Qxc3 Nc6 12. Qb3 b5 13. Qa3 Ne7 14. f4 e4
15. Bxf6 gxf6 16. Qc3 Qd6 17. Kb1 Rc8 18. Qd4 Nxf5 19. Qxd5 Qxd5 20. Rxd5 Ne3
21. Rd6 Rd8 22. Rxd8+ Kxd8 23. a4 Nxf1 24. Rxf1 bxa4 25. Rd1+ Kc7 26. Kc1 Rd8
27. Re1 f5 28. g4 fxg4 29. Rxe4 h5 30. Rxa4 h4 31. f5 Rg8 32. Kd2 g3 33. hxg3
hxg3 34. Ra1 Kd6 35. Ke2 Ke5 36. Kf1 Rh8 37. Kg2 Rh2+ 38. Kxg3 Rxc2 39. Ra5+ 1/2-1/2

[Event "CCSCSL Inv GM 2014"]
[Site "Saint Louis USA"]
[Date "2014.05.28"]
[Round "1.5"]
[White "Sevian,Samuel"]
[Black "Chandra,Akshat"]
[Result "1-0"]
[WhiteTitle "IM"]
[BlackTitle "IM"]
[WhiteElo "2446"]
[BlackElo "2440"]
[WhiteFideId "2040506"]
[BlackFideId "25006711"]
[EventDate "2014.05.28"]

1. e4 c5 2. Nf3 d6 3. d4 cxd4 4. Nxd4 Nf6 5. Nc3 a6 6. Be2 e6 7. O-O Be7 8. f4
O-O 9. Be3 Nc6 10. a4 Qc7 11. Kh1 Rd8 12. g4 Nxd4 13. Bxd4 b6 14. g5 Nd7 15. Bf3
Bb7 16. Be3 Bc6 17. Bg2 Bf8 18. Qh5 g6 19. Qh4 b5 20. Rf3 Bg7 21. Rh3 Nf8 22. f5
exf5 23. exf5 Bxg2+ 24. Kxg2 Qc6+ 25. Kg1 gxf5 26. Rd1 Re8 27. Bd4 Bxd4+ 28.
Qxd4 Qc5 29. Qxc5 dxc5 30. Nd5 Re2 31. Nf6+ Kg7 32. Nh5+ Kg8 33. Nf6+ Kg7 34.
Nh5+ Kg8 35. Nf6+ Kh8 36. Rh6 c4 37. Rd7 Kg7 38. Nh5+ Kh8 39. Nf6 Kg7 40. Nh5+
Kh8 41. Rxf7 Rd8 42. Rd6 Ree8 43. Rxd8 Rxd8 44. axb5 axb5 45. Nf6 Rb8 46. h4 1-0

[Event "CCSCSL Inv GM 2014"]
[Site "Saint Louis USA"]
[Date "2014.05.28"]
[Round "2.2"]
[White "Troff,Kayden W"]
[Black "Sevian,Samuel"]
[Result "1/2-1/2"]
[WhiteTitle "IM"]
[BlackTitle "IM"]
[WhiteElo "2484"]
[BlackElo "2446"]
[WhiteFideId "2047896"]
[BlackFideId "2040506"]
[EventDate "2014.05.28"]

1. d4 d5 2. c4 e6 3. Nf3 Nf6 4. Nc3 c6 5. e3 Nbd7 6. Qc2 Bd6 7. Bd3 O-O 8. O-O
dxc4 9. Bxc4 b5 10. Be2 a6 11. Rd1 Qc7 12. e4 e5 13. g3 Re8 14. a3 exd4 15. Nxd4
Be5 16. Bf3 c5 17. Nf5 Nb6 18. Bg5 h6 19. Bxf6 Bxf6 20. Nd6 Re5 21. Bg2 Bg4 22.
f3 Rd8 23. Ndxb5 axb5 24. fxg4 Rxd1+ 25. Rxd1 c4 26. Qf2 Rg5 27. Nd5 Nxd5 28.
exd5 Qd6 29. Bf3 Re5 30. Kg2 Re7 31. Qc2 Re3 32. Rd2 g6 33. a4 Rb3 34. axb5 Rxb2
35. Qc1 c3 36. Rxb2 cxb2 37. Qc2 Qb4 38. Be4 Qxb5 39. h4 Kg7 40. h5 gxh5 41.
gxh5 Qb4 42. Qd3 Qe1 43. d6 Be5 44. d7 b1=Q 45. Qxb1 Qxg3+ 46. Kf1 Qh3+ 47. Ke2
Qg4+ 48. Bf3 Qxd7 49. Qe4 Qb5+ 50. Qd3 Qb2+ 51. Qd2 Qb1 52. Qd1 Qa2+ 53. Qd2 Qe6
54. Qd5 Qf6 55. Qd7 Bf4 56. Bd5 Qe5+ 57. Kf1 Qxh5 58. Qxf7+ 1/2-1/2

[Event "CCSCSL Inv GM 2014"]
[Site "Saint Louis USA"]
[Date "2014.05.28"]
[Round "2.4"]
[White "Friedel,J"]
[Black "Bartholomew,J"]
[Result "1/2-1/2"]
[WhiteTitle "GM"]
[BlackTitle "IM"]
[WhiteElo "2505"]
[BlackElo "2461"]
[WhiteFideId "2017199"]
[BlackFideId "2019353"]
[EventDate "2014.05.28"]

1. Nf3 d5 2. g3 c6 3. c4 Nf6 4. Bg2 dxc4 5. O-O Nbd7 6. Qc2 Nb6 7. Na3 g6 8.
Nxc4 Nxc4 9. Qxc4 Be6 10. Qc2 Bg7 11. d3 O-O 12. Bf4 Qb6 13. Be5 Rad8 14. b4 Ne8
15. Bxg7 Nxg7 16. Qc5 Nf5 17. Rfc1 Nd4 18. Nxd4 Rxd4 19. a3 Qxc5 20. Rxc5 Rfd8
21. Rac1 Kg7 22. Bf1 R4d5 23. e3 Rxc5 24. bxc5 Bf5 25. f4 f6 26. Rb1 Bc8 27. Rb4
e5 28. Kf2 Kf7 29. Ra4 a6 30. Rb4 Ke7 31. h4 Rd5 32. d4 exd4 33. exd4 f5 34. Ke3
Kd8 35. Rb2 Rd7 36. Bc4 Re7+ 37. Kd3 Re1 38. Rb3 Ke7 39. Kd2 Re4 40. Re3 Rxe3
41. Kxe3 Be6 42. Be2 h5 43. Kd3 Bd5 44. Kc3 a5 45. Bc4 Bxc4 46. Kxc4 Ke6 47. a4
Ke7 48. d5 cxd5+ 49. Kxd5 Kd7 50. Kd4 Kc7 51. Kc3 Kd7 52. Kd3 Kc7 53. Kd4 Kd7 1/2-1/2

[Event "CCSCSL Inv GM 2014"]
[Site "Saint Louis USA"]
[Date "2014.05.28"]
[Round "2.5"]
[White "Gorovets,A"]
[Black "Boros,De"]
[Result "1/2-1/2"]
[WhiteTitle "IM"]
[BlackTitle "GM"]
[WhiteElo "2446"]
[BlackElo "2474"]
[WhiteFideId "13504037"]
[BlackFideId "722340"]
[EventDate "2014.05.28"]

1. c4 e5 2. Nc3 Bb4 3. Nd5 Bc5 4. Nf3 c6 5. Nc3 Qe7 6. d4 exd4 7. Nxd4 Nf6 8. e3
O-O 9. Be2 Rd8 10. Bf3 d5 11. cxd5 cxd5 12. O-O Nc6 13. Nxc6 bxc6 14. Bd2 Bd6
15. Rc1 Ne4 16. g3 Nc5 17. Bg4 Ba6 18. Be2 Bc8 19. Bg4 Bxg4 20. Qxg4 Nd3 21. Rc2
Nb4 22. Rcc1 Nd3 23. Rc2 Qf6 24. Qe2 Qg6 25. e4 Nc5 26. Be3 Nxe4 27. Nxe4 Qxe4
28. Rxc6 Be5 29. f3 Qf5 30. Bf2 Re8 31. Re1 Qd7 32. Qc2 Bxb2 33. Rxe8+ Qxe8 34.
Rc5 Bf6 1/2-1/2

[Event "CCSCSL Inv GM 2014"]
[Site "Saint Louis USA"]
[Date "2014.05.29"]
[Round "3.2"]
[White "Bartholomew,J"]
[Black "Gorovets,A"]
[Result "1/2-1/2"]
[WhiteTitle "IM"]
[BlackTitle "IM"]
[WhiteElo "2461"]
[BlackElo "2446"]
[WhiteFideId "2019353"]
[BlackFideId "13504037"]
[EventDate "2014.05.28"]

1. d4 g6 2. c4 Bg7 3. Nc3 c5 4. d5 Bxc3+ 5. bxc3 f5 6. Qa4 Nf6 7. g3 Qb6 8. Bg2
O-O 9. Nh3 d6 10. O-O Qa6 11. Qxa6 Nxa6 12. Bf4 Nc7 13. e4 fxe4 14. Ng5 b5 15.
cxb5 Nxb5 16. Bd2 Bf5 17. Rae1 c4 18. Nxe4 Bxe4 19. Bxe4 Nc7 20. Bg2 Rfe8 21.
Bg5 Nfxd5 22. Re4 Rac8 23. Rxc4 Nb6 24. Re4 Ncd5 25. c4 Nc3 26. Rxe7 Rxe7 27.
Bxe7 Kf7 28. Bxd6 Nxc4 29. Bf4 Ne2+ 30. Kh1 Nxf4 31. gxf4 Nb6 32. Be4 Rc4 33. f3
Ra4 34. Rf2 Ke6 35. Rc2 Kd6 36. f5 gxf5 37. Bxf5 h6 38. Be4 Nc4 39. h4 Ke5 40.
Kh2 Kf4 1/2-1/2

[Event "CCSCSL Inv GM 2014"]
[Site "Saint Louis USA"]
[Date "2014.05.29"]
[Round "3.3"]
[White "Priyadharshan,K"]
[Black "Friedel,J"]
[Result "1/2-1/2"]
[WhiteTitle "IM"]
[BlackTitle "GM"]
[WhiteElo "2420"]
[BlackElo "2505"]
[WhiteFideId "5018293"]
[BlackFideId "2017199"]
[EventDate "2014.05.28"]

1. d4 Nf6 2. Nf3 d5 3. e3 g6 4. b4 Bg7 5. Bb2 O-O 6. c4 b6 7. Nbd2 c5 8. bxc5
bxc5 9. dxc5 Na6 10. cxd5 Nxc5 11. Bc4 Bb7 12. O-O Bxd5 13. Qe2 Bxc4 14. Nxc4
Qd3 15. Qxd3 Nxd3 16. Bd4 Rfc8 17. Nce5 Nxe5 18. Nxe5 Rc2 19. a4 Ne4 20. Rac1
Rac8 21. Rxc2 Rxc2 22. Rb1 Bf6 23. f3 Nd6 24. f4 Ra2 25. Ra1 Rxa1+ 26. Bxa1 a6
27. Kf1 Nb7 28. Bd4 Bxe5 29. Bxe5 1/2-1/2

[Event "CCSCSL Inv GM 2014"]
[Site "Saint Louis USA"]
[Date "2014.05.29"]
[Round "3.5"]
[White "Chandra,Akshat"]
[Black "Troff,Kayden W"]
[Result "1/2-1/2"]
[WhiteTitle "IM"]
[BlackTitle "IM"]
[WhiteElo "2440"]
[BlackElo "2484"]
[WhiteFideId "25006711"]
[BlackFideId "2047896"]
[EventDate "2014.05.28"]

1. d4 Nf6 2. c4 g6 3. Nc3 d5 4. cxd5 Nxd5 5. Bd2 Bg7 6. e4 Nb6 7. Be3 O-O 8. h3
Nc6 9. Nf3 e5 10. d5 Nb8 11. a4 c6 12. a5 N6d7 13. Bc4 b5 14. dxc6 bxc4 15. cxd7
Qxd7 16. O-O Nc6 17. Nd5 Kh8 18. Qa4 Nd4 19. Bxd4 Qxa4 20. Rxa4 exd4 21. Nc7 Rb8
22. Rxc4 Rxb2 23. Nxd4 Bxd4 24. Rxd4 Rc2 25. Nd5 Ra2 26. f4 Rxa5 27. g4 Ra3 28.
Kh2 h5 29. f5 hxg4 30. hxg4 Kg7 31. fxg6 f6 32. e5 Rh8+ 33. Kg1 fxe5 34. Rc4 1/2-1/2

[Event "CCSCSL Inv GM 2014"]
[Site "Saint Louis USA"]
[Date "2014.05.29"]
[Round "4.1"]
[White "Friedel,J"]
[Black "Sevian,Samuel"]
[Result "0-1"]
[WhiteTitle "GM"]
[BlackTitle "IM"]
[WhiteElo "2505"]
[BlackElo "2446"]
[WhiteFideId "2017199"]
[BlackFideId "2040506"]
[EventDate "2014.05.28"]

1. Nf3 d5 2. g3 c6 3. Bg2 Bg4 4. O-O Nd7 5. d3 Ngf6 6. h3 Bh5 7. Qe1 e5 8. e4
dxe4 9. dxe4 Be7 10. Nbd2 O-O 11. Nc4 Qc7 12. Nh4 Rfe8 13. a4 Nc5 14. Nf5 Bf8
15. f4 exf4 16. Bxf4 Qd7 17. Nfd6 Ncxe4 18. Nxe8 Rxe8 19. Kh2 Qd4 20. b3 b5 21.
axb5 cxb5 22. Qe3 Bc5 23. b4 Qxe3 24. Nxe3 Bd4 25. Ra3 g5 26. Nf5 gxf4 27. Nxd4
fxg3+ 28. Kg1 Bg6 29. Re1 Rc8 30. Rxa7 Rc4 31. Nxb5 Rxb4 32. Nc7 Rc4 33. Re2 h5
34. h4 Rb4 35. Ra1 Rc4 36. Nb5 Kg7 37. Ra3 Rb4 38. Rb3 Ra4 39. Rbe3 Rb4 40. Nc7
Nd6 41. Rxg3 Rxh4 42. Nd5 Nf5 43. Rc3 Nd4 44. Rf2 Ne4 45. Bxe4 Bxe4 46. Rg3+ Kf8
47. Rh2 Rxh2 48. Kxh2 Bxd5 49. Rd3 Nf3+ 50. Kg3 Be4 51. Rd1 h4+ 52. Kf4 f5 53.
c4 h3 54. Rd8+ Kg7 55. Rd7+ Kg6 56. Rd6+ Kh5 57. Rd8 Ng5 58. Rh8+ Kg6 59. c5 Bg2
60. c6 Bxc6 61. Rg8+ Kh6 62. Rc8 Bg2 63. Kxf5 h2 64. Rh8+ Nh7 0-1

[Event "CCSCSL Inv GM 2014"]
[Site "Saint Louis USA"]
[Date "2014.05.29"]
[Round "4.4"]
[White "Gorovets,A"]
[Black "Priyadharshan,K"]
[Result "1/2-1/2"]
[WhiteTitle "IM"]
[BlackTitle "IM"]
[WhiteElo "2446"]
[BlackElo "2420"]
[WhiteFideId "13504037"]
[BlackFideId "5018293"]
[EventDate "2014.05.28"]

1. c4 c5 2. Nf3 Nf6 3. d4 cxd4 4. Nxd4 Nc6 5. Nc3 e6 6. a3 Bc5 7. Nb3 Be7 8. e4
O-O 9. Be2 b6 10. O-O Ba6 11. Be3 Rc8 12. f4 d6 13. Rc1 Nb8 14. Nd2 d5 15. cxd5
exd5 16. Bxa6 Nxa6 17. Nxd5 Nxd5 18. Rxc8 Qxc8 19. exd5 Rd8 20. Ne4 Qc4 21. Qf3
Qxd5 22. f5 Nc5 23. Bxc5 Bxc5+ 24. Nxc5 bxc5 25. Qxd5 Rxd5 26. b4 h5 27. h3 a6
28. Kh2 Kh7 29. Kg3 Kh6 30. h4 f6 31. Rf4 Kh7 32. bxc5 Rxc5 33. Ra4 a5 34. Kf4
Kg8 1/2-1/2

[Event "CCSCSL Inv GM 2014"]
[Site "Saint Louis USA"]
[Date "2014.05.29"]
[Round "4.5"]
[White "Boros,De"]
[Black "Bartholomew,J"]
[Result "1-0"]
[WhiteTitle "GM"]
[BlackTitle "IM"]
[WhiteElo "2474"]
[BlackElo "2461"]
[WhiteFideId "722340"]
[BlackFideId "2019353"]
[EventDate "2014.05.28"]

1. e4 e5 2. Nf3 Nc6 3. Bc4 Bc5 4. d3 Nf6 5. Nbd2 d6 6. c3 O-O 7. Bb3 Be6 8. h3
Bb6 9. Bc2 Ne7 10. a4 c6 11. O-O Ng6 12. d4 a5 13. Re1 Re8 14. Nf1 h6 15. Ng3
Qc7 16. Be3 Rad8 17. Qc1 Kh7 18. b3 Rd7 19. Rd1 Rde7 20. c4 c5 21. dxe5 dxe5 22.
Ne2 Qc8 23. Kh2 Nh5 24. Nc3 Rd7 25. Nd5 Bd8 26. Rd2 b6 27. Qd1 Nf6 28. Qe2 Bc7
29. Nxf6+ gxf6 30. Rxd7 Qxd7 31. Rd1 Qc8 32. Nd2 1-0

[Event "CCSCSL Inv GM 2014"]
[Site "Saint Louis USA"]
[Date "2014.05.30"]
[Round "5.1"]
[White "Priyadharshan,K"]
[Black "Boros,De"]
[Result "1/2-1/2"]
[WhiteTitle "IM"]
[BlackTitle "GM"]
[WhiteElo "2420"]
[BlackElo "2474"]
[WhiteFideId "5018293"]
[BlackFideId "722340"]
[EventDate "2014.05.28"]

1. b3 b6 2. Bb2 Bb7 3. Nf3 e6 4. e3 c5 5. d4 Nf6 6. Bd3 Be7 7. O-O O-O 8. c4
cxd4 9. Nxd4 d5 10. Nc3 dxc4 11. Bxc4 a6 12. a4 Bc5 13. Ba3 Bxa3 14. Rxa3 Qc7
15. Ra2 Nbd7 16. Rc2 Ne5 17. Be2 Qe7 18. Qa1 Rfd8 19. Rfc1 Rd7 20. Nb1 Nd5 21.
Qa3 Qg5 22. h4 Qxh4 23. Nf3 Nxf3+ 24. Bxf3 Rad8 25. Rc4 Qg5 26. Rg4 Qf6 27. b4
h6 28. Nc3 Nxe3 29. Ne4 Bxe4 30. Rxe4 Nf5 31. Be2 Rd2 32. Rf1 Nd6 33. Re3 Nf5
34. Re4 a5 35. bxa5 bxa5 36. Qc5 R8d5 37. Qc8+ Rd8 38. Qc7 R8d4 39. Qxa5 Rxe4
40. Qa8+ Qd8 41. Qxe4 Qd4 42. Bf3 Ra2 43. Qa8+ Kh7 44. Qb7 Qf6 45. Qb3 Rd2 46.
Qb4 Qd4 47. Qxd4 Nxd4 48. Ra1 Nxf3+ 49. gxf3 Rd6 50. a5 Ra6 51. f4 Kg6 52. Kg2
Kf5 53. Kf3 g6 54. Ke3 f6 55. Kf3 h5 56. Ra4 h4 57. Ra1 h3 58. Ra4 Rc6 59. Kg3
Ra6 60. Kxh3 g5 61. fxg5 Kxg5 62. f4+ Kf5 1/2-1/2

[Event "CCSCSL Inv GM 2014"]
[Site "Saint Louis USA"]
[Date "2014.05.30"]
[Round "5.3"]
[White "Sevian,Samuel"]
[Black "Gorovets,A"]
[Result "0-1"]
[WhiteTitle "IM"]
[BlackTitle "IM"]
[WhiteElo "2446"]
[BlackElo "2446"]
[WhiteFideId "2040506"]
[BlackFideId "13504037"]
[EventDate "2014.05.28"]

1. e4 e5 2. Nf3 Nc6 3. Bb5 a6 4. Ba4 Nf6 5. O-O d6 6. c3 Nxe4 7. d4 Bd7 8. Qe1
f5 9. Bxc6 Bxc6 10. dxe5 Bb5 11. exd6 Bxf1 12. dxc7 Qxc7 13. Qxf1 Bc5 14. Nd4
Bxd4 15. cxd4 Rd8 16. Nc3 O-O 17. Nxe4 fxe4 18. Be3 Qf7 19. Qe2 Rc8 20. h3 Qd5
21. b3 Rc6 22. Re1 Re8 23. Kh1 h6 24. Rd1 Rf8 25. Re1 Kh7 26. Qg4 Rc2 27. a4 Qf5
28. Qh4 Rf6 29. Qg3 Rc3 30. Rb1 Qd5 31. Qh4 Rf5 32. Qe7 Rf7 33. Qh4 b5 34. axb5
axb5 35. Ra1 Rcc7 36. Qg4 Ra7 37. Re1 Rfe7 38. Rb1 Ra6 39. Qh4 Rea7 40. Qf4 Ra1
41. Rxa1 Rxa1+ 42. Kh2 Ra6 43. Kh1 Rf6 44. Qg4 Rf5 45. b4 Rf6 46. Qh4 Kg8 47.
Qg3 Qd6 48. Qg4 Qxb4 49. Qxe4 Qc4 50. Qe8+ Rf8 51. Qe5 Rd8 52. Qe7 Qd5 53. Qb4
Rd7 54. Qa3 Rd6 55. Qc3 Rg6 56. f3 Qc4 57. Qe1 b4 58. d5 b3 59. Bc1 Qc2 60. Qf1
b2 61. Bxb2 Qxb2 62. f4 Qd4 63. Qb1 Rf6 64. Qb8+ Rf8 65. Qd6 Qxf4 66. Qe6+ Qf7
67. Qe5 Qf1+ 68. Kh2 Qf4+ 0-1

[Event "CCSCSL Inv GM 2014"]
[Site "Saint Louis USA"]
[Date "2014.05.30"]
[Round "5.4"]
[White "Chandra,Akshat"]
[Black "Friedel,J"]
[Result "1-0"]
[WhiteTitle "IM"]
[BlackTitle "GM"]
[WhiteElo "2440"]
[BlackElo "2505"]
[WhiteFideId "25006711"]
[BlackFideId "2017199"]
[EventDate "2014.05.28"]

1. d4 Nf6 2. c4 e6 3. Nf3 Bb4+ 4. Bd2 Qe7 5. g3 Bxd2+ 6. Qxd2 Nc6 7. Nc3 d5 8.
cxd5 exd5 9. Bg2 O-O 10. O-O Bg4 11. Rac1 Rad8 12. e3 Ne4 13. Nxe4 dxe4 14. Ne1
Nb4 15. a3 Nd5 16. Nc2 c5 17. Qe1 c4 18. Nb4 Nxb4 19. Qxb4 Qxb4 20. axb4 Be2 21.
Bxe4 Bxf1 22. Kxf1 Rc8 23. Ra1 a6 24. Bxb7 Rb8 25. Bd5 Rxb4 26. Rxa6 Kh8 27. Rc6
Rxb2 28. Rxc4 g5 29. h3 f5 30. Kg2 Rd2 31. Be6 f4 32. exf4 gxf4 33. g4 Kg7 34.
h4 h5 35. g5 f3+ 36. Kg3 Rd1 37. Rc7+ Kh8 38. Rf7 Rg1+ 39. Kxf3 Kg8 40. Rf4+ Kg7
41. d5 Rd1 42. Rxf8 Kxf8 43. Kg3 Rd3+ 44. f3 Kg7 45. Kf4 Rd4+ 46. Ke5 Rxh4 47.
d6 Ra4 48. d7 Ra8 49. f4 h4 50. Bd5 Rf8 51. Kd6 h3 52. Ke7 1-0

[Event "CCSCSL Inv GM 2014"]
[Site "Saint Louis USA"]
[Date "2014.05.30"]
[Round "6.2"]
[White "Friedel,J"]
[Black "Troff,Kayden W"]
[Result "1/2-1/2"]
[WhiteTitle "GM"]
[BlackTitle "IM"]
[WhiteElo "2505"]
[BlackElo "2484"]
[WhiteFideId "2017199"]
[BlackFideId "2047896"]
[EventDate "2014.05.28"]

1. e4 c5 2. Nf3 d6 3. Bb5+ Bd7 4. Bxd7+ Qxd7 5. c4 Nf6 6. Nc3 g6 7. d4 cxd4 8.
Nxd4 Bg7 9. O-O Nc6 10. Nde2 Qe6 11. Nd5 Qxe4 12. Nc7+ Kd7 13. Nxa8 Qxc4 14. Nc3
e6 15. Be3 Rxa8 16. Rc1 Nd5 17. Nxd5 Qxd5 18. Qa4 Qa5 19. Qf4 Qf5 20. Qa4 Qa5
21. Qf4 Qf5 22. Qa4 1/2-1/2

[Event "CCSCSL Inv GM 2014"]
[Site "Saint Louis USA"]
[Date "2014.05.30"]
[Round "6.3"]
[White "Gorovets,A"]
[Black "Chandra,Akshat"]
[Result "1-0"]
[WhiteTitle "IM"]
[BlackTitle "IM"]
[WhiteElo "2446"]
[BlackElo "2440"]
[WhiteFideId "13504037"]
[BlackFideId "25006711"]
[EventDate "2014.05.28"]

1. c4 c5 2. Nc3 Nf6 3. g3 d5 4. cxd5 Nxd5 5. Bg2 Nc7 6. Qa4+ Bd7 7. Qb3 Nc6 8.
Qxb7 Nd4 9. Qe4 g6 10. Qb1 Bf5 11. Be4 Bxe4 12. Qxe4 Bg7 13. Kd1 O-O 14. e3 Ndb5
15. Nge2 Nd6 16. Qc6 c4 17. Ke1 Ne6 18. b4 cxb3 19. axb3 Rc8 20. Qd5 Nc5 21. Rb1
e6 22. Qf3 f5 23. Kf1 Nde4 24. Kg2 Nd3 25. Nf4 Nxf4+ 26. exf4 Bxc3 27. dxc3 Rxc3
28. Qe2 Qc8 29. Be3 Qc6 30. Kh3 g5 31. f3 g4+ 32. fxg4 Rc2 33. Qd1 Rd2 34. Qc1
Rc2 35. Qd1 Rd2 36. Qc1 fxg4+ 37. Kh4 Qd5 38. Bxd2 Nxd2 39. Re1 h5 40. Re5 Nf3+
41. Kxh5 Nxe5 42. fxe5 Rf5+ 43. Kh4 Qxe5 44. Qh6 Qe2 45. Qg6+ Kh8 46. Qh6+ Kg8
47. Qg6+ Kh8 48. h3 gxh3 49. Rc1 Qe4+ 50. g4 Qb7 51. gxf5 Qe4+ 52. Qg4 1-0

[Event "CCSCSL Inv GM 2014"]
[Site "Saint Louis USA"]
[Date "2014.05.30"]
[Round "6.4"]
[White "Boros,De"]
[Black "Sevian,Samuel"]
[Result "0-1"]
[WhiteTitle "GM"]
[BlackTitle "IM"]
[WhiteElo "2474"]
[BlackElo "2446"]
[WhiteFideId "722340"]
[BlackFideId "2040506"]
[EventDate "2014.05.28"]

1. e4 e5 2. Nf3 Nc6 3. Bc4 Bc5 4. d3 Nf6 5. O-O O-O 6. Nbd2 d6 7. c3 a6 8. Bb3
Ba7 9. h3 Ne7 10. Re1 Ng6 11. Nf1 c6 12. Ng3 h6 13. d4 Re8 14. a3 Bb8 15. Be3
Qe7 16. Qd2 Qf8 17. c4 c5 18. d5 b5 19. a4 bxc4 20. Bxc4 Bc7 21. Nh2 Bd7 22. f3
Reb8 23. b3 Qd8 24. Rf1 Ba5 25. Qd3 Nf4 26. Qc2 g6 27. Ng4 h5 28. Nh2 h4 29. Ne2
N6h5 30. Bxf4 exf4 31. Ng4 Qg5 32. Qb2 f5 33. Nf2 Re8 34. Kh1 Ng3+ 35. Kh2 Bd8
36. Nd3 Nxf1+ 37. Rxf1 fxe4 38. fxe4 Rxe4 39. Nexf4 Bf6 40. Qf2 Bd4 41. Qf3 Re3
42. Qd1 Bf5 43. Rf3 Be4 44. Rxe3 Bxe3 45. Qg4 Qxg4 46. hxg4 Rf8 47. Ne6 Rf7 48.
a5 Kh8 49. Nd8 Rf1 50. Bxa6 Bxd3 51. Bxd3 Bf4+ 52. g3 hxg3+ 53. Kh3 Rf2 0-1

[Event "CCSCSL Inv GM 2014"]
[Site "Saint Louis USA"]
[Date "2014.05.30"]
[Round "6.5"]
[White "Bartholomew,J"]
[Black "Priyadharshan,K"]
[Result "1-0"]
[WhiteTitle "IM"]
[BlackTitle "IM"]
[WhiteElo "2461"]
[BlackElo "2420"]
[WhiteFideId "2019353"]
[BlackFideId "5018293"]
[EventDate "2014.05.28"]

1. d4 d5 2. c4 dxc4 3. Nf3 Nf6 4. e3 b5 5. a4 b4 6. Bxc4 e6 7. O-O Be7 8. b3 O-O
9. Bb2 Bb7 10. Nbd2 Nbd7 11. Qe2 c5 12. Ba6 Qb6 13. Bxb7 Qxb7 14. Rac1 Rac8 15.
Rfd1 Rc7 16. Nc4 h6 17. Nfe5 Rfc8 18. h3 Qa6 19. Nxd7 Rxd7 20. dxc5 Rxd1+ 21.
Rxd1 Rxc5 22. Bxf6 Bxf6 23. e4 Qc8 24. e5 Bg5 25. Qe4 Qc7 26. Rd4 g6 27. Qd3 Qb8
28. Rd7 Qa8 29. g3 Rc8 30. h4 Bd8 31. Qd2 Bb6 32. Qf4 Rf8 33. Nd6 Qd5 34. Rxf7
Qxd6 35. exd6 Rxf7 36. Qxh6 Rxf2 37. Qxg6+ Kf8 38. Kh1 1-0

[Event "CCSCSL Inv GM 2014"]
[Site "Saint Louis USA"]
[Date "2014.05.31"]
[Round "7.2"]
[White "Sevian,Samuel"]
[Black "Bartholomew,J"]
[Result "1-0"]
[WhiteTitle "IM"]
[BlackTitle "IM"]
[WhiteElo "2446"]
[BlackElo "2461"]
[WhiteFideId "2040506"]
[BlackFideId "2019353"]
[EventDate "2014.05.28"]

1. e4 e5 2. Nf3 Nc6 3. Bb5 a6 4. Ba4 Nf6 5. O-O Be7 6. Re1 b5 7. Bb3 d6 8. c3
O-O 9. h3 Bb7 10. d4 Re8 11. Nbd2 Bf8 12. d5 Nb8 13. Nf1 Nbd7 14. N3h2 Nc5 15.
Bc2 c6 16. b4 Ncd7 17. dxc6 Bxc6 18. Bg5 h6 19. Bxf6 Nxf6 20. Ng4 Nxg4 21. hxg4
Bd7 22. Bb3 Rc8 23. Rc1 Be6 24. Ne3 Be7 25. Nd5 Bg5 26. Ra1 Rc6 27. a4 Qd7 28.
axb5 axb5 29. Qd3 Rb8 30. Ra3 Kh8 31. Rea1 Rcc8 32. Ra6 Bxd5 33. Bxd5 Rc7 34.
Ra8 Rxa8 35. Rxa8+ Kh7 36. Rf8 Qxg4 37. Bxf7 Ra7 38. Qf1 h5 39. Bg8+ Kh6 40. Bb3
Qxe4 41. Rh8+ Kg6 42. Qd1 Qg4 43. Qb1+ e4 44. Bd1 Qf4 45. g3 Qe5 46. Bxh5+ Kf5
47. Qd1 Ke6 48. Qg4+ Qf5 49. Qe2 Kf6 50. Rf8+ 1-0

[Event "CCSCSL Inv GM 2014"]
[Site "Saint Louis USA"]
[Date "2014.05.31"]
[Round "7.4"]
[White "Troff,Kayden W"]
[Black "Gorovets,A"]
[Result "1-0"]
[WhiteTitle "IM"]
[BlackTitle "IM"]
[WhiteElo "2484"]
[BlackElo "2446"]
[WhiteFideId "2047896"]
[BlackFideId "13504037"]
[EventDate "2014.05.28"]

1. d4 Nf6 2. c4 g6 3. Nc3 Bg7 4. e4 d6 5. Nf3 O-O 6. Be2 c5 7. O-O Re8 8. Be3
Ng4 9. Bg5 h6 10. Bh4 cxd4 11. Nxd4 Bxd4 12. Qxd4 e5 13. Bxd8 exd4 14. Nd5 Rxd8
15. Nc7 Na6 16. Nxa8 d3 17. Bxd3 Be6 18. Be2 Rxa8 19. Rfd1 Nf6 20. f3 Ne8 21. g4
g5 22. Kf2 Kf8 23. h4 Ke7 24. Rd2 Nc5 25. Rh1 Nf6 26. Ke3 a5 27. b3 Rc8 28. Rhd1
Rc6 29. Rd4 Rb6 30. hxg5 hxg5 31. Rb1 Nfd7 32. Kd2 Ne5 33. Kc3 Rc6 34. Rh1 Ng6
35. Bd1 Nd7 36. a4 Kf6 37. Rh2 Ke7 38. Rh5 Rc5 39. Rh2 Nde5 40. Rdd2 Nh4 41. Rh3
Neg6 42. Rhh2 Rc8 43. Rh3 Rh8 44. Rdh2 Kf6 45. Rd2 Ke7 46. Rdh2 Rh6 47. Rg3 Ne5
48. Rhh3 Rf6 49. Kd4 Rh6 50. Kc3 Kd7 51. Kd4 b6 52. Ke3 Neg6 53. Rh2 Kc6 54. Rg1
Kc5 55. Rgh1 Nf4 56. Kf2 Rf6 57. Ke3 Nfg2+ 58. Kf2 Nf4 59. Ke3 Bd7 60. Rg1 Nfg6
61. Rg3 Ne5 62. Rd2 Bc6 63. Rf2 Neg6 64. Rd2 Kb4 65. Rd4 Ne5 66. Rh3 Kc3 67. Rd2
Kb4 68. Rf2 Neg6 69. Rd2 Kc5 70. Rdh2 Nf4 71. Rxh4 gxh4 72. g5 Rg6 73. Kxf4 f6
74. gxf6 Rxf6+ 75. Ke3 Rh6 76. f4 h3 77. f5 Kb4 78. Kf4 Rh4+ 79. Kg5 Rh8 80. f6
Bxe4 81. f7 d5 82. Kf6 Bg2 83. Kg7 Rd8 84. cxd5 Bxd5 85. f8=Q+ Rxf8 86. Kxf8 Bg2
87. Ke7 b5 88. axb5 Kxb5 89. Kd6 Kb4 90. Ke5 Kc3 91. Kf4 Kb4 92. Ke3 Kc3 93. Ke2
Kb4 94. Kd2 Ka3 95. Kc3 Bf1 96. Bg4 1-0